Kansas Head Football Coaches by Picture - Statistics

General Stats
  • This quiz has been taken 8 times
  • The average score is 11 of 39
Answer Stats
Picture Hint Answer % Correct
2012-2014 Charlie Weis
100%
2021-Present Lance Leipold
100%
2019-2020 Les Miles
100%
2002-2009 Mark Mangino
86%
2010-2011 Turner Gill
57%
2015-2018 David Beaty
43%
1971-1974 | 1979-1982 Don Fambrough
43%
1988-1996 Glen Mason
43%
1967-1970 Pepper Rodgers
43%
1975-1978 Bud Moore
29%
2014 Clint Bowen
29%
1983-1985 Mike Gottfried
29%
1920 Phog Allen
29%
1997-2001 Terry Allen
29%
1932-1938 Adrian Lindsey
14%
1904-1910 A. R. Kennedy
14%
1902 Arthur Hale Curtis
14%
1912-1913 Arthur Mosse
14%
1892-1893 A. W. Shepard
14%
1986-1987 Bob Valesente
14%
1903 Boss Weeks
14%
1954-1957 Chuck Mather
14%
1891 Edwin Mortimer Hopkins
14%
1899 Fielding H. Yost
14%
1926-1927 Franklin Cappon
14%
1946-1947 George Sauer
14%
1939-1942 Gwinn Henry
14%
1894-1896 Hector Cowan
14%
1915-1917 Herman Olcott
14%
1914 H. M. Wheaton
14%
1928-1932 Homer Woodson Hargiss
14%
1958-1966 Jack Mitchell
14%
1901 John H. Outland
14%
1948-1953 Jules V. Sikes
14%
1900 Larry Boynton
14%
1921-1925 Potsy Clark
14%
1911 Ralph W. Sherwin
14%
2001 Tom Hayes
14%
1897-1898 Wylie G. Woodruff
14%
No matching quizzes found
Score Distribution
Percent of People with Each Score
Percentile by Number Answered
Your Score History
You have not taken this quiz